| 000 | 01164nam a2200289 a 4500 | ||
|---|---|---|---|
| 003 | DO-SdBNP | ||
| 005 | 20221115082058.0 | ||
| 007 | ta | ||
| 008 | 221114e2022 dr ao||gr|||| 001 edspa d | ||
| 020 | _a9789945635492 | ||
| 040 |
_aDO-SdBNP _bspa _cBNPHU |
||
| 082 | 4 |
_222 _bP438a _a152.41 |
|
| 100 | 1 |
_955994 _aPérez de Disla, Digna Emérita |
|
| 245 | 1 | 0 |
_aAmor sin límites: _bamar es dar sin esperar recibir. / _cDigna Emérita Pérez Disla, Prólogo, Pedro Ramón Gómez Velásquez, Blanca Margarita Martínez de Gómez. |
| 250 | _a2da ed. | ||
| 260 |
_aSanto Domingo : _bSantuario, _c2022 |
||
| 300 |
_a169 p. : _bil., retr. _c21 cm |
||
| 500 | _aIncluye datos biográficos de la autora en las cubiertas de las solapas. | ||
| 590 | _aInventariado 2022 / MF | ||
| 650 | 4 |
_955995 _aAmor _xAspectos Religiosos _zRepública Dominicana |
|
| 650 | 4 |
_95156 _aAmor de Dios _xEnseñanza Bíblica _zRepública Dominicana |
|
| 650 | 4 |
_945265 _aAmor _xAspectos Psicológico _zRepública Dominicana |
|
| 700 | 1 |
_aGómez Velásquez, Pedro Ramón, _epról. _982823 |
|
| 700 | 1 |
_955997 _aMartínez de Gómez, Blanca Margarita _epról. |
|
| 910 | _aMFeliz | ||
| 942 |
_2ddc _cLBS1 |
||
| 999 |
_c52924 _d52924 |
||